000 00472nam a22001577a 4500
003 OSt
005 20140310182443.0
008 130803t xxu||||| |||| 00| 0 eng d
020 _a9788189836658
050 _aRS 41
_b.R388 2011 v. 1
245 _aRemington :
_bThe Science and Practice of Pharmacy /
260 _aIndia :
_bWolters Kluwer and Lippincott Williams & Wilkins,
_cc2011.
300 _a1257 p. :
_bcol. ill. ;
_c28 cm.
942 _2lcc
_cSSLC
999 _c13550
_d13550